000 00632nam a2200217Ii 4500
003 JO-AjNU
008 230606s9999||||xx |||||||||||||| ||und||
020 _a978-0-321-41691-9
040 _aJO-AjNU
_beng
_erda
_cJO-AjNU
041 _aeng
050 1 4 _aZ667.B34 2011
100 3 _aYates, Ricardo Baeza/Berthier Riberio neto,
_eauthor
_93941
245 0 0 _aModern information Retrieval
250 _a2 ed
264 3 1 _aNew Jersy:pearson,2014
300 _a912P
336 _atext
_btxt
_2rdacontent
337 _aunmediated
_bn
_2rdamedia
338 _avolume
_bnc
_2rdacarrier
650 4 _aModern information Retrieval
_93942
999 _aE2054
_c2053
_d2053